000 00585nam a2200241Ia 4500
003 OSt
005 20220924150021.0
006 a|||||r|||| 00| 0
007 ta
008 220923b |||||||| |||| 00| 0 tel d
020 _c12
024 _a331368
037 _cTextual
040 _aARTS
_cARTS
_btel
041 _2tel
_atel
082 _aO35:g, M4
100 _aSastry Neti Anantha
_9221094
245 0 _aVyasapoonima
260 _c1984
650 _aTELUGU LITERATURE
942 _hO35:g, M4
_cTEXL
_2CC
999 _c461961
_d461961